000 02355cam a2200421 i 4500
003 PE-LiUPU
005 20251222100632.0
008 2507 s2025 pe a rb 000 0 spa d
020 _a9786123256005
035 _aPE-LiUPU00045
040 _aPE-LiUPU
_bspa
_cPE-LiUPU
_erda
041 0 _aspa
082 0 4 _a343.5
_bN312v
_223/spe
090 _a343.5
_bN28
100 1 _aNaupari Wong, José Rodolfo,
_eautor.
245 1 0 _aVacancia y suspensión de autoridades regionales y municipales :
_bjurisprudencia electoral 2023-2024 /
_cJosé Rodolfo Naupari Wong.
250 _aPrimera edición.
264 1 _aLima :
_bPalestra Editores,
_c2025.
264 3 _aImpreso en el Perú.
300 _a536 páginas ;
_c20.5 cm
336 _atext
_2rdacontent
337 _aunmediated
_2rdamedia
338 _avolume
_2rdacarrier
500 _aIncluye desarrollo doctrinal y análisis sistemático de la jurisprudencia electoral peruana sobre vacancia y suspensión de autoridades.
500 _aObra basada en resoluciones del Jurado Nacional de Elecciones correspondientes a los años 2023-2024.
504 _aIncluye referencias normativas y jurisprudenciales.
505 0 _aAproximación teórica a la vacancia y suspensión de autoridades -- Marco normativo de la declaratoria de vacancia y suspensión -- Vacancia y suspensión y Jurado Nacional de Elecciones -- Jurisprudencia electoral 2023-2024 -- Procedimientos, causales y reglas de votación -- Función administrativa y causales de vacancia.
520 _aEstudio exhaustivo sobre la vacancia y suspensión de autoridades regionales y municipales en el Perú, que analiza el marco teórico, normativo y procedimental, así como la jurisprudencia electoral reciente del Jurado Nacional de Elecciones, con énfasis en principios de legalidad, debido procedimiento, legitimidad y control jurisdiccional.
650 4 _aDerecho electoral.
650 4 _aJurisprudencia electoral
_zPerú.
650 4 _aGobiernos locales
_xAspectos jurídicos.
650 4 _aGobiernos regionales
_xAspectos jurídicos.
650 4 _aDerecho administrativo.
856 4 0 _uhttps://www.palestraeditores.com
_zSitio web de la editorial.
942 _2ddc
_cBK
980 _618228
_aRebeca Esther Huerta Leyton
_818228
_gRebeca Esther Huerta Leyton
999 _c63190
_d63189